| 000 | 00510nam a2200169 a 4500 | ||
|---|---|---|---|
| 001 | 2741 | ||
| 003 | CDMR | ||
| 005 | 20130313111548.0 | ||
| 008 | 130130s1972||||||||||||||||||||||||||||d | ||
| 040 |
_aCDMR _bcat _cCPC GIRONA |
||
| 100 | 1 |
_aPedrolo, Manuel de _92063 |
|
| 245 | 1 | 0 |
_aManuel de Pedrolo _b: novel·les curtes 3 : 1958-1965 _cManuel de Pedrolo |
| 260 |
_c1972 _bEdicions 62 _aBarcelona |
||
| 490 | 0 | _aClĂ ssics Catalans del segle XX | |
| 500 | _aVolum integrant de les Obres Completes. | ||
| 942 |
_cMON _2udc |
||
| 999 |
_c2741 _d2741 |
||